----vuoto---- (Record n. 360199)

Dettagli MARC
000 -LEADER
campo di controllo lung. fissa 01805nam a22002297a 4500
003 - Identificatore del numero di controllo
campo di controllo IT-MiCISF
005 - Data e orario dell'ultima transazione
campo di controllo 20240716122224.0
008 - Elementi di lunghezza fissa--Informazione generale
campo di controllo lung. fissa 240716b |||||||| |||| 00| 0 eng d
020 ## - ISBN (International Standard Book Number)
ISBN (International Standard Book Number) 9788865128565
040 ## - Fonte della catalogazione
Agenzia che fa la trascrizione IT-MiCISF
041 ## - Codice di lingua
Codice di lingua del testo/traccia sonora o titolo separato it
100 ## - Accesso principale -- nome di persona
Nome di persona De Santis Luca
9 (RLIN) 60892
245 ## - Formulazione del titolo
Titolo ----vuoto----
Complemento del titolo ----vuoto----
260 ## - Pubblicazione, distribuzione, ecc. (stampa)
Luogo di pubblicazione, distribuzione, ecc. Venezia,
Nome dell'editore, distributore, ecc. Marcianum Press,
Data di pubblicazione, distribuzione, ecc. 2022
300 ## - Descrizione fisica
Estensione pp. 143
500 ## - Nota generale
Nota generale società, pandemia, cambiamento, famiglia, filosofia, chiesa, politica
501 ## - Nota
Nota Presentazione di Gianfranco Fabi
520 ## - Riassunto, ecc.
Nota di riassunto, ecc. L’attuale pandemia non ha cambiato il mondo, ma ha avuto solo il “merito” di scoperchiare delle problematiche che erano già presenti in società, che gettano le radici negli albori del XX secolo e che ci portano a effettuare una riflessione dal punto di vista sia politico che ecclesiale.<br/>Il libro si apre con una riflessione sul ‘900 avvalendosi del contributo di pensatori quali Martin Heidegger, Romano Guardini e Jacques Ellul. La loro riflessione pone in evidenza il sorgere di quelle problematiche che nel nostro tempo sono divenute grandi problemi, coinvolgendo varie generazioni, sino a raggiungere i nostri giovani. La pandemia ci ha chiusi nei nostri “bunker”; ora che ne stiamo venendo fuori, che tipo di mondo troveremo? Ma, soprattutto, potremmo continuare lo stile di vita precedente? Si aprono così delle piste di riflessione, che<br/>l’Autore attinge dal mondo universitario in cui ha lavorato in questi ultimi anni, dalla pastorale svolta in parrocchia e dall’osservazione politica su cui ha riflettuto anche nelle sue precedenti pubblicazioni. È un libro che ci interroga sul futuro che ci aspetta.<br/><br/>
650 ## - Accesso aggiunto di soggetto--termine topico
Termine topico o nome geografico come accesso Società
654 ## - Accesso aggiunto di soggetto--termini topici faccettati
Termine principale saggio
942 ## - Dati aggiuntivi (Koha)
Fonte della classificazione o dello schema di collocazione (segnatura) Dewey Decimal Classification
Tipo copia default (Koha) LIBRO

Nessuna copia disponibile.

CREDITS: SOCIETA' SAN PAOLO Via A.Severo, 58 - ROMA (RM) & PERIODICI SAN PAOLO SRL Via Giotto, 36 MILANO & CISF Via Giotto, 36 MILANO & EDIZIONI SAN PAOLO SRL,  Piazza Soncino, 5 CINISELLO BALSAMO (MI) -- ITALY